LEADER 01196nam a2200277 a 4500 001 000000007445 003 CaOOAMICUS 005 20130620103001.0 008 941110s1913 it u000 u ita r 035 $a10194753 040 $aPUL(R)$bita 100 1 $aGhiron, Mario.$0(OLS)http://pul/name/7527 245 10$aStudi sull'ordinamento della Facoltà giuridica /$cMario Ghiron. 260 $aRoma :$bAthenaeum,$c1913. 300 $a267 p. : ;$c23 cm 490 1 $aCollezione di opere giuridiche ed economiche 504 $aBibliografia in nota. 650 4$aDiritto comparato.$0(OLS)http://pul/subject/489 830 0$aCollezione di opere giuridiche ed economiche.$0(OLS)http://pul/title/10917 850 $aPUL 852 $aPUL$W1$xDP2 Diritto e Scienze Sociali 1$y65$m175 G 9$j10514$nBK-PRI$qStampati$B10514$CPULBib$Z2$F10514 $82 852 $aPUL$W1$xDP2 Diritto e Scienze Sociali 1$y65$m174 A 36$j10515$nBK-PRI$qStampati$B10515$CPULBib$Z2$F10515 $82 941 1 $a8 961 $aEx libris: Salvator Riccobono. 996 $6245$aStudi sull'ordinamento della Facoltà giuridica$9(OLS)http://pul/title/10916 996 $6260$aRoma :$bAthenaeum$9(OLS)http://pul/publisher/48137 LEADER 01299nam a2200289 u 4500 001 000000075481 003 CaOOAMICUS 005 20070226123115.0 008 031006s1997 it u000 u ita u 020 $a8870784517 035 $a10972075 040 $aPUL$bita 100 1 $aCecchin, Gianfranco.$0(OLS)http://pul/name/50125 245 10$aVerità e pregiudizi :$bun approccio sistematico alla psicoterapia /$cGianfranco Cecchin, Gerry Lane, Wendel A. Ray. 260 $aMilano :$bR. Cortina,$c1997. 300 $av, 112 p. ;$c22 cm 490 1 $aCollana di psicologia clinica e psicoterapia ;$v98 650 4$aPsicoterapia$xSaggi.$0(OLS)http://pul/subject/26367 700 1 $aRay, Wendel A.$0(OLS)http://pul/name/50127 700 1 $aLane, Gerry.$0(OLS)http://pul/name/50126 830 0$aCollana di psicologia clinica e psicoterapia ;$v98.$0(OLS)http://pul/title/12189 850 $aPUL 852 $aPUL$W1$xSL Filosofia 1$y2$m97 S 98$j97127$nBK-PRI$b $qStampati$B97127$CPULBib$Z2$F97127 $H93285 $81 941 1 $a8 996 $6020$a8870784517$9(OLS)http://pul/number/98491 996 $6245$aVerità e pregiudizi :$bun approccio sistematico alla psicoterapia$9(OLS)http://pul/title/99067 996 $6260$aMilano :$bR. Cortina$9(OLS)http://pul/publisher/52064 LEADER 01578nam a2200349 u 4500 001 000000077072 003 CaOOAMICUS 005 20070226123300.0 008 040119r19971927enk u000 u eng u 020 $a052106791X (set) 035 $a10981224 040 $aPUL(R)$bita 100 1 $aWhitehead, Alfred North,$d1861-1947.$0(OLS)http://pul/name/783 245 10$aPrincipia mathematica /$cby Alfred North Whitehead and Bertrand Russell. 250 $a2. ed. 260 $aCambridge :$bCambridge University Press,$c1997. 300 $a3 v. ;$c24 cm 500 $aRist. della 2. ed. del 1927. 504 $aBibliografia in nota. 650 4$aMatematica.$0(OLS)http://pul/subject/6747 700 1 $aRussell, Bertrand,$d1872-1970.$0(OLS)http://pul/name/15334 850 $aPUL 852 $aPUL$W1$xDP1 Filosofia 1$y19$m745 I 1.1-3$j98996$nBK-PRI$b $qStampati$B98996$CPULBib$Z2$F98996 $HPUL92877- $81 852 $aPUL$W1$xDP1 Filosofia 1$y19$m745 I 1.1-3$j98996$nBK-PRI$b $qStampati$B98997$CPULBib$Z2$F98997 $HPUL92877- $81 852 $aPUL$W1$xDP1 Filosofia 1$y19$m745 I 1.1-3$j98996$nBK-PRI$b $qStampati$B98998$CPULBib$Z2$F98998 $HPUL92877- $81 941 1 $a8 961 $aINV: 92878-92879 961 $aINV: 92878-92879 961 $aINV: 92878-92879 996 $6020$a052106791X (set)$9(OLS)http://pul/number/101039 996 $6245$aPrincipia mathematica$9(OLS)http://pul/title/101010 996 $6260$aCambridge :$bCambridge University Press$9(OLS)http://pul/publisher/50125